000 00392nam a22001457a 4500
999 _c8010
_d8008
005 20220620102246.0
008 220616b ||||| |||| 00| 0 eng d
020 _a97815-43346-01-5
041 _aeng
100 _aGAWALI ,RAHUL W AND OTHERS
_97286
245 _aA PRACTICAL MANUAL OF HOSPITAL AND CLINICAL PHARMACY
260 _bS.VIKAS AND COMPANY
650 _aPHARMACY
_97323
942 _cBK